[Event "Albena Masters op"]
[Site "Albena"]
[Date "2013.06.02"]
[Round "2"]
[White "Voiska, Margarita"]
[Black "Savov, Zheljazko"]
[Result "0-1"]
[WhiteElo "2249"]
[BlackElo "1941"]
[PlyCount "66"]
[EventDate "2013.06.01"]
[EventType "swiss"]
[EventRounds "9"]
[EventCountry "BUL"]
[SourceTitle "CBM 154 Extra"]
[Source "ChessBase"]
[SourceDate "2013.06.25"]
[SourceVersion "2"]
[SourceVersionDate "2013.06.25"]
[SourceQuality "1"]

1. d4 Nf6 2. Nf3 d5 3. Bf4 c6 4. e3 Bg4 5. Be2 e6 6. 0-0 Bd6 7. Ne5 h5 8. Nd2 Qc7 9. c4 Nbd7 10. Nxg4 hxg4 11. Bxd6 Qxd6 12. g3 g5 13. Bxg4 Qf8 14. Re1 Qh6 15. Nf1 Nxg4 16. Qxg4 f5 17. Qe2 0-0-0 18. b4 Rdf8 19. f4 Nf6 20. b5 cxb5 21. cxd5 Nxd5 22. Qxb5 Rfg8 23. Rac1+ Kb8 24. fxg5 Rxg5 25. Qc5 Rgg8 26. Qd6+ Ka8 27. Rc2 Qf6 28. Qe5 Qg6 29. Rec1 a6 30. Rb2 Rh5 31. Qd6 f4 32. Rxb7 Kxb7 33. Rb1+ Qxb1 0-1

[Event "Albena Masters op"]
[Site "Albena"]
[Date "2012.05.27"]
[Round "2"]
[White "Mgeladze, Tamaz"]
[Black "Savov, Zheljazko"]
[Result "1-0"]
[WhiteElo "2195"]
[BlackElo "1931"]
[PlyCount "65"]
[EventDate "2012.05.26"]
[EventType "swiss"]
[EventRounds "9"]
[EventCountry "BUL"]
[SourceTitle "CBM 148 Extra"]
[Source "ChessBase"]
[SourceDate "2012.06.22"]
[SourceVersion "1"]
[SourceVersionDate "2012.06.22"]
[SourceQuality "1"]

1. c4 c5 2. g3 Nc6 3. Bg2 g6 4. Nf3 Bg7 5. Nc3 e6 6. d4 cxd4 7. Nb5 d6 8. Nbxd4 Nxd4 9. Nxd4 Ne7 10. 0-0 0-0 11. b3 d5 12. cxd5 Nxd5 13. Bb2 Bd7 14. Qd2 Rc8 15. Rfd1 Qb6 16. Bxd5 exd5 17. Nf3 Be6 18. Bxg7 Kxg7 19. Rac1 f6 20. Nd4 Bd7 21. h4 Rfe8 22. e3 Qd6 23. Rxc8 Rxc8 24. Rc1 Bc6 25. Qa5 a6 26. Qb6 Kh6 27. b4 Qd7 28. a4 Bxa4 29. Rxc8 Qxc8 30. Qxf6 Bd7 31. Qg5+ Kg7 32. Qe5+ Kh6 33. Qxd5 1-0

[Event "Sunny Beach op 10th"]
[Site "Sunny Beach"]
[Date "2011.09.03"]
[Round "8"]
[White "Benes, Petr"]
[Black "Savov, Zheljazko"]
[Result "1-0"]
[WhiteElo "2166"]
[BlackElo "1941"]
[PlyCount "103"]
[EventDate "2011.08.27"]
[EventType "swiss"]
[EventRounds "9"]
[EventCountry "BUL"]
[SourceTitle "CBM 144 Extra"]
[Source "ChessBase"]
[SourceDate "2011.10.28"]
[SourceVersion "1"]
[SourceVersionDate "2011.10.28"]
[SourceQuality "1"]

1. d4 Nf6 2. Nf3 g6 3. c4 Bg7 4. Nc3 d5 5. Bf4 c6 6. e3 0-0 7. h3 Nbd7 8. Ne5 Nxe5 9. Bxe5 Ne4 10. Bxg7 Nxc3 11. bxc3 Kxg7 12. cxd5 Qa5 13. Qd2 cxd5 14. c4 Qxd2+ 15. Kxd2 Rd8 16. c5 Bf5 17. Be2 a6 18. Bg4 Rac8 19. Bxf5 gxf5 20. Rab1 Rd7 21. Rb6 Rcc7 22. g4 fxg4 23. hxg4 f6 24. f4 e5 25. fxe5 fxe5 26. Rbh6 exd4 27. exd4 Kg8 28. R6h5 Rc6 29. Rg5+ Rg6 30. Rxg6+ hxg6 31. Re1 Rh7 32. Re5 Rh4 33. Rg5 Kf7 34. Ke3 Rh3+ 35. Kf4 Ra3 36. Rxd5 Rxa2 37. Rd7+ Ke6 38. Rxb7 Ra4 39. Ke4 g5 40. Rb6+ Kf7 41. c6 Ke6 42. c7+ Kd7 43. Rc6 Kc8 44. Kd5 Ra5+ 45. Kd6 Ra4 46. d5 Rb4 47. Rc1 Rb6+ 48. Ke7 Rh6 49. d6 Rh7+ 50. Ke6 Rh6+ 51. Kd5 Rh8 52. Rb1 1-0

[Event "Blagoevgrad Kirov Memorial 2nd"]
[Site "Blagoevgrad"]
[Date "2010.01.16"]
[Round "8"]
[White "Savov, Zheljazko"]
[Black "Lalev, Ivan"]
[Result "0-1"]
[WhiteElo "1989"]
[BlackElo "2026"]
[PlyCount "40"]
[EventDate "2010.01.11"]
[EventType "swiss"]
[EventRounds "9"]
[EventCountry "BUL"]
[SourceTitle "CBM 134 Extra"]
[Source "ChessBase"]
[SourceDate "2010.03.03"]
[SourceVersion "1"]
[SourceVersionDate "2010.03.03"]
[SourceQuality "1"]

1. e4 c5 2. Nf3 d6 3. d4 cxd4 4. Nxd4 Nf6 5. Nc3 g6 6. Be3 Bg7 7. f3 0-0 8. Qd2 Nc6 9. 0-0-0 d5 10. Nxc6 bxc6 11. exd5 Nxd5 12. Nxd5 cxd5 13. Qxd5 Qc7 14. Qc5 Qb7 15. Bd4 Bf5 16. Qb5 Qc7 17. Qc5 Qxc5 18. Bxc5 Rfc8 19. b4 Bh6+ 20. Kb1 Rxc5 0-1

[Event "Blagoevgrad Kirov Memorial 2nd"]
[Site "Blagoevgrad"]
[Date "2010.01.13"]
[Round "4"]
[White "Radulski, Julian"]
[Black "Savov, Zheljazko"]
[Result "1-0"]
[WhiteElo "2577"]
[BlackElo "1989"]
[PlyCount "65"]
[EventDate "2010.01.11"]
[EventType "swiss"]
[EventRounds "9"]
[EventCountry "BUL"]
[SourceTitle "CBM 134 Extra"]
[Source "ChessBase"]
[SourceDate "2010.03.03"]
[SourceVersion "1"]
[SourceVersionDate "2010.03.03"]
[SourceQuality "1"]

1. e4 c5 2. d4 cxd4 3. c3 d3 4. Bxd3 Nc6 5. Nf3 d6 6. 0-0 Nf6 7. Qe2 e5 8. h3 Be7 9. c4 0-0 10. Nc3 Be6 11. Nd5 h6 12. Be3 Nd7 13. Rfd1 Bxd5 14. cxd5 Nb4 15. Bb5 a5 16. a3 Na6 17. Rac1 Ndc5 18. Bxc5 Nxc5 19. Rxc5 dxc5 20. Nxe5 Bd6 21. Nd7 f6 22. Nxf8 Qxf8 23. Bd7 Qe7 24. Be6+ Kh7 25. g3 g5 26. Kg2 Qe8 27. h4 gxh4 28. Rh1 Bf8 29. Rxh4 Bg7 30. Qc2 Ra6 31. e5+ Kh8 32. exf6 Bf8 33. f7 1-0

[Event "Kesarovski Georgiev Memorial 7th"]
[Site "Sunny Beach"]
[Date "2008.09.09"]
[Round "2"]
[White "Savov, Zheljazko"]
[Black "Kosturski, Ivan"]
[Result "0-1"]
[WhiteElo "1986"]
[BlackElo "1692"]
[PlyCount "110"]
[EventDate "2008.09.08"]
[EventType "swiss"]
[EventRounds "9"]
[EventCountry "BUL"]
[SourceTitle "CBM 126 Extra"]
[Source "ChessBase"]
[SourceDate "2008.11.05"]
[SourceVersion "1"]
[SourceVersionDate "2008.11.05"]
[SourceQuality "1"]

1. e4 g6 2. d4 Bg7 3. Nc3 d6 4. Nf3 Nc6 5. d5 Ne5 6. Nxe5 Bxe5 7. f4 Bg7 8. Bd3 c6 9. 0-0 Nf6 10. Qf3 0-0 11. dxc6 bxc6 12. Be3 Ng4 13. Bc4 Nxe3 14. Qxe3 Qb6 15. Qxb6 axb6 16. Bb3 Bxc3 17. bxc3 c5 18. f5 Ba6 19. c4 Bb7 20. Rae1 f6 21. h4 Bc6 22. g4 Kf7 23. g5 Rg8 24. Kh2 Raf8 25. fxg6+ Kxg6 26. gxf6 Rxf6 27. Rg1+ Kf7 28. Rxg8 Kxg8 29. Kg3 e5 30. c3 Kf7 31. Bc2 Rf4 32. Re3 Ke6 33. a3 Rf1 34. Kg4 Rg1+ 35. Rg3 Ra1 36. Kg5 Rxa3 37. Kh6 Ra2 38. Bd3 Rh2 39. Rg4 Be8 40. Kxh7 Bh5 41. Rg5 Rxh4 42. Kg7 Bf3 43. Rg6+ Kd7 44. Rh6 Rg4+ 45. Rg6 Rf4 46. Rf6 Bg2 47. Rf7+ Ke6 48. Rf8 Rg4+ 49. Kh6 Rg3 50. Bb1 Rxc3 51. Rg8 Rh3+ 52. Kg7 Rh4 53. Bc2 Bxe4 54. Re8+ Kd7 55. Ba4+ Bc6 0-1